000 00729nam a2200217 a 4500
001 000029959
003 OSt
005 20201023152646.0
008 110427s1952 dr r 000 0 spa d
040 _aDO-SdBNP
_bspa
_cBNPHU
082 7 4 _a923.57293
_bG249g
_222
100 1 _aGarcía Lluberes, Alcides
_938561
245 1 3 _aEl general Gaspar Polanco /
_cAlcides García Lluberes.
260 _aSanto Domingo :
_bAcademia de la Historia,
_c1952.
300 _a52 p. ;
_c24 cm.
500 _aIncluye notas al pie de las páginas
600 1 4 _aPolanco Borbón, Gaspar,
_d1816-1867
_977004
650 4 _aMilitares
_zRepública Dominicana
_vBiografías
_912243
651 4 _aRepública Dominicana
_xBiografías
_91325
942 _2ddc
_cLF1
999 _c29451
_d29451